LEADER 01788nam 2200421z- 450 001 9910346764903321 005 20210211 010 $a1000065053 035 $a(CKB)4920000000100873 035 $a(oapen)https://directory.doabooks.org/handle/20.500.12854/55400 035 $a(oapen)doab55400 035 $a(EXLCZ)994920000000100873 100 $a20202102d2017 |y 0 101 0 $ager 135 $aurmn|---annan 181 $ctxt$2rdacontent 182 $cc$2rdamedia 183 $acr$2rdacarrier 200 00$aOrganische Nanopartikel zum Aufbau photoaktiver Schichten Organischer Solarzellen 210 $cKIT Scientific Publishing$d2017 215 $a1 online resource (v, 237 p. p.) 311 08$a3-7315-0627-0 330 $aNanoparticle dispersions were used to fabricate photoactive layers of organic solar cells from water or ethanol. By using a precipitation method the power conversion efficiencies of the nanoparticulate solar cells were similar to the ones obtained from the respective solution processed counter parts using a chlorinated solvent. Next to the thoroughly investigated material system P3HT:ICBA also the transfer to other material systems was examined. 606 $aChemistry$2bicssc 610 $aDruckbare ElektronikOrganic Solar Cell 610 $aOrganic Electronics 610 $aOrganic Nanoparticle 610 $aOrganic Photovoltaics 610 $aOrganische Elektronik 610 $aOrganische Nanopartikel 610 $aOrganischer Solarzelle 610 $aPrinted Electronics 615 7$aChemistry 700 $aGärtner$b Stefan$4auth$01328721 906 $aBOOK 912 $a9910346764903321 996 $aOrganische Nanopartikel zum Aufbau photoaktiver Schichten Organischer Solarzellen$93038868 997 $aUNINA LEADER 03411nam 22006255 450 001 9910254756103321 005 20200705222734.0 010 $a9781484221341 010 $a1484221346 024 7 $a10.1007/978-1-4842-2134-1 035 $a(CKB)3710000000820507 035 $a(DE-He213)978-1-4842-2134-1 035 $a(MiAaPQ)EBC4631615 035 $a(CaSebORM)9781484221341 035 $a(PPN)194807428 035 $a(OCoLC)971245752 035 $a(OCoLC)ocn971245752 035 $a(EXLCZ)993710000000820507 100 $a20160808d2016 u| 0 101 0 $aeng 135 $aurnn|008mamaa 181 $ctxt$2rdacontent 182 $cc$2rdamedia 183 $acr$2rdacarrier 200 10$aWindows To Go $eA Guide for Users and IT Professionals /$fby Joli Ballew 205 $a1st ed. 2016. 210 1$aBerkeley, CA :$cApress :$cImprint: Apress,$d2016. 215 $a1 online resource (XVII, 141 p. 83 illus., 81 illus. in color.) 300 $aIncludes index. 311 08$a9781484221334 311 08$a1484221338 327 $a1. Introducing Windows To Go -- 2. Using Windows To Go -- 3. Prepare Your Small Business, School, or Enterprise for Windows To Go -- 4. Understand Single Activations, Volume Licensing, and Software Assurance -- 5. Deploy Windows To Go Drives -- 6. Secure and Protect Windows to Go Drives -- 7. Windows 10 for Business. 330 $aLearn how to use, manage, deploy, and secure Windows To Go, the ultimate mobile edition of Windows 10, designed to boot directly from a USB stick. Learn how to use your Windows To Go drive to work at home and on the move and to access local and network resources from anywhere. You also will learn how to plan for, provision, deploy, and manage Windows To Go devices in the workplace in order to create an effective mobility solution for your users. A Windows To Go drive can be booted on any PC that meets the Windows 7 or later certification requirements, regardless of the operating system running on that PC. This book will teach you how Windows To Go differs from a typical Windows installation on a desktop and you will understand how to: Meet the necessary hardware and software requirements for Windows To Go Boot your Windows To Go drive Use Windows To Go, at home and on the road Plan and deploy Windows To Go in the workplace Secure and protect Windows To Go drives. 606 $aMicrosoft software 606 $aMicrosoft .NET Framework 606 $aOperating systems (Computers) 606 $aManagement information systems 606 $aMicrosoft and .NET$3https://scigraph.springernature.com/ontologies/product-market-codes/I29030 606 $aOperating Systems$3https://scigraph.springernature.com/ontologies/product-market-codes/I14045 606 $aEnterprise Architecture$3https://scigraph.springernature.com/ontologies/product-market-codes/522010 615 0$aMicrosoft software. 615 0$aMicrosoft .NET Framework. 615 0$aOperating systems (Computers) 615 0$aManagement information systems. 615 14$aMicrosoft and .NET. 615 24$aOperating Systems. 615 24$aEnterprise Architecture. 676 $a005.43 700 $aBallew$b Joli$4aut$4http://id.loc.gov/vocabulary/relators/aut$0912523 801 0$bUMI 801 1$bUMI 906 $aBOOK 912 $a9910254756103321 996 $aWindows To Go$92056991 997 $aUNINA